00431nam a2200169Ia 4500003000400000005001700004008004100021020001400062040000700076082002500083100002500108245005700133250000600190260003600196300001500232365001400247OSt20230612100837.0210423s2002 xx 000 0 und d a125571666 cAL a574.87322223b PINC aPINKERT (Carl A),Ed. aTransgenic animal technology: a laboratory handbook. a2 aNew DelhibAcademic Pressc2002 axv,618bHB b4314cINR